000 00358 a2200145 4500
005 20250623153134.0
020 _a0-256-02138-4
100 _aMCCARTHY, E. J
245 _aBasic Marketing
250 _a2nd Ed
260 _aGeorgetown
_bIrwin-Dorsery Limited
_c1979
300 _a876p.: ill; Picture
_bIndex
_c23cm
700 _aSHAPIRO, S. J
942 _2ddc
_cBKS
999 _c4685
_d4685